| 000 | 00547nam a2200217Ia 4500 | ||
|---|---|---|---|
| 003 | OSt | ||
| 005 | 20221005115627.0 | ||
| 006 | a|||||r|||| 00| 0 | ||
| 007 | ta | ||
| 008 | 221004b |||||||| |||| 00| 0 tam d | ||
| 024 | _a51291 | ||
| 037 | _cTextual | ||
| 040 |
_aCRL _cCRL _btam |
||
| 041 |
_2tam _atam |
||
| 082 | _aP31,3v, 31J6 | ||
| 100 |
_aVaiyapurip pillai _9627886 |
||
| 245 | 0 | _aChorkalin charitam | |
| 650 | _aLINGUISTICS | ||
| 942 |
_hP31,3v, 31J6 _cTEXL _2cc |
||
| 999 |
_c1035436 _d1035436 |
||